The life of Marquis Shigenobu Okuma : A maker of new Japan
Saved in:
| Main Author: | |
|---|---|
| Format: | Book |
| Language: | Undetermined |
| Published: |
Tokyo, Japan
Hokuseido Press
1940
|
| Subjects: | |
| Tags: |
Add Tag
No Tags, Be the first to tag this record!
|
| Institutions: | Trung tâm Học liệu Trường Đại học Cần Thơ |
|---|
| LEADER | 00536nam a2200193Ia 4500 | ||
|---|---|---|---|
| 001 | CTU_112168 | ||
| 008 | 210402s9999 xx 000 0 und d | ||
| 082 | |a 923.252 | ||
| 082 | |b I.19 | ||
| 100 | |a Idditti, Smimasa | ||
| 245 | 4 | |a The life of Marquis Shigenobu Okuma : | |
| 245 | 2 | |b A maker of new Japan | |
| 245 | 0 | |c Smimasa Idditti | |
| 260 | |a Tokyo, Japan | ||
| 260 | |b Hokuseido Press | ||
| 260 | |c 1940 | ||
| 650 | |a Ōkuma, Shigenobu, 1838-1922. | ||
| 904 | |i Minh | ||
| 980 | |a Trung tâm Học liệu Trường Đại học Cần Thơ | ||